Responses for Show #8520 - Friday, November 26, 2021

Amy Schneider game 8.

Contestants

[<< previous game]

Greta Perel, a communications consultant from Overland Park, Kansas

Chris Rayis, a composer and lyricist from Burlington, North Carolina

Amy Schneider, an engineering manager from Oakland, California (whose 7-day cash winnings total $257,800)

[next game >>]

Jeopardy! Round responses

RIGHT FROM THE GECKO
FESTIVALS
5 LETTERS, 4 VOWELS
STORY TIME
LONG-RUNNING TV SHOWS
CAR REPAIR
(Ken: You'll have to name the automaker that we've anagrammed in the clue.)
    $200 30
the tail

Greta
    $200 29
the running of the bulls

Chris
    $200 20
(Ken: That's right; innie would have two consonants, I guess.)

outie

Amy
    $200 1
Frankenstein

Greta
    $200 4
Wayne Brady

Triple Stumper
    $200 12
Chevrolet

Chris
    $400 27
a leopard gecko

Chris
    $400 28
Abraham

Amy
    $400 19
an aerie

Amy
    $400 11
Madame Bovary

Amy
    $400 21
Sesame Street

Greta
    $400 16
Rolls Royce

Amy
    $600 26
molting

Amy
    $600 14
Glastonbury

Chris
    $600 7
Adieu

Chris
    $600 10
Walter Mitty

Greta
    $600 24
Cumberbatch

Amy
    $600 17
Oldsmobile

Amy
    $800 25
Madagascar

Amy
    $800 9
Rotterdam

Amy
    $800 6
Louie

Triple Stumper
    $800 3
(Ken: Yes, Of Mice and Men.)

Lennie

Greta
    $800 23
The Tonight Show

Amy
    $800 18
the DeLorean

Triple Stumper
    $1000 15
oviparous

Amy
    $1000 8
fringe fest

Greta
    $1000 5
a queue

Amy
    $1,000 2
A Clockwork Orange

Greta
    $1000 22
Meet the Press

Amy
    $1000 13
Maserati

Greta

Scores at the first commercial break (after clue 15):

Amy Chris Greta
$3,200 $1,400 $4,600

Scores at the end of the Jeopardy! Round:

Amy Chris Greta
$9,000 $2,000 $5,200

Double Jeopardy! Round responses

L'HISTOIRE FRANCAISE
THE MOVIES
U.S. RIVERS
YOU CAN QUOTE ME
MUSEUMS
"INNER" KNOWLEDGE
    $400 22
Gaul

Greta
    $400 30
Harold & Kumar

Chris
    $400 5
the Potomac

Chris
    $400 10
the reader

Greta
    $400 19
the British Museum

Amy
    $400 20
(Chris: What is a...)

a paint thinner

ChrisGreta
    $800 29
Vichy (France)

Amy
    $800 27
Jungle Cruise

Chris
    $800 9
the Colorado

Amy
    $800 28
The Art of War

Greta
    $800 18
Anne Frank

Amy
    $800 21
breadwinner

Amy
    $1200 3
Place de la Concorde

Chris
    $1200 26
(Ken: She's 0 for 8 at the Oscar, [*].)

Glenn Close

Triple Stumper
    $1200 8
Tippecanoe

Triple Stumper
    $1200 25
(Chris: What is a seed?)
(Amy: What is an acorn?)
...
(Ken: [*] is an unappreciated plant.)

a weed

AmyChris
Triple Stumper
    $1200 17
the Prado

Amy
    $1200 15
the Sinners

Chris
    $4,000 2
(Chris: Who is Henry IV?)

Charlemagne

Chris
    $1600 23
The Babadook

Chris
    $1600 7
the Snake

Amy
    $1600 24
function

Greta
    $1600 16
Rodin

Amy
    $1600 14
a spinneret

Amy
    $2000 1
the Huguenots

Chris
    $2000 4
Martha

Amy
    $2000 6
the Monongahela

Amy
    $5,600 11
(Greta: What is "Early to bed"?)

time is money

Greta
    $2000 12
(Ken: That's [*], in Memphis.)

the Lorraine Motel

Triple Stumper
    $2000 13
beginner

Amy

Scores at the end of the Double Jeopardy! Round:

Amy Chris Greta
$23,400 $4,000 $3,200
(lock game)

[wagering suggestions for these scores]

Final Jeopardy! Round responses

FICTIONAL LANGUAGES
(Ken: [To Greta] Lapine from the French for "rabbit", and the rabbits in Richard Adams's [*] speak Lapine.)
GretaWhat is Watership Down
$3,200
ChrisWhat is Watership Down?
$2,400
AmyWhat is Watership Down?
$14,000
Watership Down

Final scores:

Amy Chris Greta
$37,400 $6,400 $6,400
8-day champion: $295,200 2nd place: $2,000 3rd place: $1,000

Game dynamics:

Coryat scores:

Amy Chris Greta
$23,400 $8,000 $8,800
26 R,
1 W
12 R,
3 W
(including 1 DD)
13 R
(including 1 DD),
1 W
(including 1 DD)

Combined Coryat: $40,200

[game clues] [game scores] [suggest correction]

Game tape date: 2021-10-04
The J! Archive is created by fans, for fans. Scraping, republication, monetization, and malicious use prohibited; this site may use cookies and collect identifying information. See terms. The Jeopardy! game show and all elements thereof, including but not limited to copyright and trademark thereto, are the property of Jeopardy Productions, Inc. and are protected under law. This website is not affiliated with, sponsored by, or operated by Jeopardy Productions, Inc. Join the discussion at JBoard.tv.